Meteorological conditions effecting aviation over the northwest frontier (Record no. 175)

MARC details
000 -LEADER
fixed length control field 00712nam a2200205Ia 4500
003 - CONTROL NUMBER IDENTIFIER
control field IN-BaIIA
008 - FIXED-LENGTH DATA ELEMENTS--GENERAL INFORMATION
fixed length control field 211028s9999 xx 000 0 eng d
040 ## - CATALOGING SOURCE
Transcribing agency IIA Library
080 ## - UNIVERSAL DECIMAL CLASSIFICATION NUMBER
Universal Decimal Classification number 55.5
Item number IMD
110 ## - MAIN ENTRY--CORPORATE NAME
Corporate name or jurisdiction name as entry element India Meteorological Department
245 #0 - TITLE STATEMENT
Title Meteorological conditions effecting aviation over the northwest frontier
Statement of responsibility, etc. India Meteorological Department, Richard George Veryard and Amiya Krisna Roy
260 ## - PUBLICATION, DISTRIBUTION, ETC.
Place of publication, distribution, etc. Delhi
Name of publisher, distributor, etc. Manager of Publications
Date of publication, distribution, etc. 1934
300 ## - PHYSICAL DESCRIPTION
Extent 40p.
650 ## - SUBJECT ADDED ENTRY--TOPICAL TERM
Topical term or geographic name entry element Astronomy and Astrophysics Thesaurus
650 ## - SUBJECT ADDED ENTRY--TOPICAL TERM
Topical term or geographic name entry element Earth Atmosphere
650 ## - SUBJECT ADDED ENTRY--TOPICAL TERM
Topical term or geographic name entry element Meteorology
700 ## - ADDED ENTRY--PERSONAL NAME
Personal name Roy, Amiya Krisna
9 (RLIN) 360
700 ## - ADDED ENTRY--PERSONAL NAME
Personal name Veryard, Richard George
9 (RLIN) 361
942 ## - ADDED ENTRY ELEMENTS (KOHA)
Koha item type Books
Holdings
Withdrawn status Lost status Damaged status Not for loan Home library Current library Shelving location Date acquired Total Checkouts Full call number Barcode Date last seen Price effective from Koha item type
        IIA Library-Bangalore IIA Library-Hosakote General Stacks     55.5/ IMD 139 05/11/2021   Books

Powered by Koha